| 000 | 00988cam a22002054a 4500 | ||
|---|---|---|---|
| 005 | 20250605164222.0 | ||
| 008 | 250528s ||||||||||||||||||||||||d | ||
| 035 | _a20705 | ||
| 020 | _a1861525362 | ||
| 040 |
_aGR-AtMCL _bgre _dGR-AtMCL _eAACR2 |
||
| 245 | 1 | _aManagement and Cost Accounting / Fifth Edition | |
| 250 | _a5th | ||
| 260 |
_bThomson Learning, _c2000 |
||
| 300 | _a1200 | ||
| 520 | _aThe only text to cater to the needs of undergraduate, post-graduate, and professional students of Management Accounting. Introduction to Management and Cost Accounting, Cost Accumulation for Inventory Valuation and Profit Measurement, Information for Decision-Making, Information for Planning and Control and Performance Measurement, Cost Management and Strategic Management Accounting, The Application of Quantitative Methods to Management Accounting, Notes, Bibliography, Appendices, Index. | ||
| 700 | 1 |
_aDrury Colin _91174 |
|
| 942 | _cBK | ||
| 999 |
_c5790 _d5790 |
||